000 00424nam a2200169 4500
003 SEACOMMC
005 20250419141112.0
008 241003b |||||||| |||| 00| 0 eng d
020 _a81-2590-933-8
_cR.175.00
040 _aSEACOMMC
082 _a005.133C
_bS 941
100 _a Subburaj, R
245 1 _aProgramming in C
260 _aNew Delhi
_b Vikas Publishing House
_c 2000
650 _a Computer Sc.
942 _cBOOK
999 _c625
_d625